[Event "Rapid"]
[Site "Livry-Gargan FRA"]
[Date "2009.05.10"]
[Round "5"]
[White "Fedorchuk,S"]
[Black "Lazarev,V"]
[Result "1-0"]
[WhiteElo "2656"]
[BlackElo "2479"]

1.e4 c5 2.Nf3 Nc6 3.Nc3 e6 4.d4 cxd4 5.Nxd4 Qc7 6.Be2 a6 7.O-O Nf6 8.Be3 Be7
9.Kh1 b5 10.Nxc6 dxc6 11.f3 O-O 12.a4 Bb7 13.Qe1 Nd7 14.f4 b4 15.Nb1 a5 16.Nd2 Bc5
17.Bxc5 Nxc5 18.e5 Rfd8 19.Nc4 Ba6 20.Nd6 Bxe2 21.Qxe2 Nb7 22.Ne4 Qb6 23.f5 exf5
24.Rxf5 Qd4 25.Raf1 Re8 26.Qg4 Kh8 27.Rxf7 Qxe5 28.Nf6 Qxf6 29.R1xf6  1-0

[Event "Rapid"]
[Site "Livry-Gargan FRA"]
[Date "2009.05.10"]
[Round "6"]
[White "Goldsztejn,Gi"]
[Black "Velasco,S"]
[Result "1/2-1/2"]
[WhiteElo "2407"]
[BlackElo "2283"]

1.e4 c5 2.Nf3 e6 3.d4 cxd4 4.Nxd4 Nc6 5.Nc3 Qc7 6.Be2 a6 7.O-O Nf6 8.Be3 Bb4
9.Na4 Be7 10.c4 Nxe4 11.c5 O-O 12.Rc1 f5 13.Bf3 Ng5 14.Bxc6 dxc6 15.Nb6 Rb8
16.Nxc8 Qxc8 17.Bf4 Ra8 18.Qb3 Kh8 19.Rfe1 Bf6 20.Nxe6 Nxe6 21.Rxe6 Rf7 22.Rce1 Qg8
23.Bd6 Rd7 24.Qc2 Rad8 25.b4 h6 26.Qxf5 Bc3 27.R1e4 Qf7 28.Qh3 Bf6 29.Qe3 Qg6
30.h4 Kh7 31.Qd3 Kh8 32.Qe2 Qf7 33.h5 Kh7 34.Re3 Rg8 35.Rg3 Rdd8 36.Rge3 Rd7
37.Qg4 Rdd8 38.Qf5+ Kh8 39.Be7 Rd1+ 40.Kh2 Rd5 41.Qf3 Qxh5+ 42.Qxh5 Rxh5+
43.Kg1 Bd4 44.R3e4 Rd5 45.Rd6 Bc3 46.Rc4 Be5 47.Rxd5 cxd5 48.Rc2 Re8 49.Bh4 g5
50.Bg3  1/2-1/2

[Event "82nd ch-St Petersburg"]
[Site "St Petersburg RUS"]
[Date "2009.05.10"]
[Round "3"]
[White "Goganov,A"]
[Black "Matlakov,M"]
[Result "1/2-1/2"]
[WhiteElo "2462"]
[BlackElo "2533"]

1.e4 c5 2.Nf3 Nc6 3.d4 cxd4 4.Nxd4 e6 5.Nc3 Qc7 6.g3 d6 7.Bg2 a6 8.O-O Bd7
9.Re1 Be7 10.Nxc6 Bxc6 11.a4 Nf6 12.a5 O-O 13.Be3 Rac8 14.Qe2 Nd7 15.Bd4 Bf6
16.Bxf6 Nxf6 17.e5 dxe5 18.Bxc6 Qxc6 19.Qxe5 Rfd8 20.Rad1 h5 21.Rd4 Rxd4
22.Qxd4 Qf3 23.Rd1 Qf5 24.Qb6 Ng4 25.Rd8+ Rxd8 26.Qxd8+ Kh7 27.Qb6 Qxc2 28.h3 Ne5
29.Qxb7 f5 30.Qxa6 Qxb2 31.Qe2 Qxc3  1/2-1/2

[Event "Young Stars of the World"]
[Site "Kirishi RUS"]
[Date "2009.05.11"]
[Round "3"]
[White "Chan Yi Ren,D"]
[Black "Naroditsky,D"]
[Result "1/2-1/2"]
[WhiteElo "2375"]
[BlackElo "2335"]

1.e4 c5 2.Nf3 e6 3.d4 cxd4 4.Nxd4 Nc6 5.Nc3 Qc7 6.Be2 Nf6 7.O-O a6 8.Be3 Be7
9.f4 d6 10.Bf3 O-O 11.g4 Nxd4 12.Qxd4 e5 13.Qd2 exf4 14.Bxf4 Be6 15.Kh1 Nd7
16.Rad1 Rad8 17.Qf2 Ne5 18.Bxe5 dxe5 19.Nd5 Bxd5 20.exd5 Bg5 21.Be4 Bf4  1/2-1/2

[Event "84th ch-ARG"]
[Site "La Plata ARG"]
[Date "2009.05.11"]
[Round "1"]
[White "Perez Ponsa,F"]
[Black "Alonso,S"]
[Result "1/2-1/2"]
[WhiteElo "2390"]
[BlackElo "2441"]

1.e4 c5 2.Nf3 Nc6 3.d4 cxd4 4.Nxd4 e6 5.Nc3 Qc7 6.Be3 a6 7.Qd2 Nf6 8.O-O-O Nxd4
9.Qxd4 d6 10.f3 b5 11.g4 Bb7 12.g5 Nd7 13.h4 Rc8 14.h5 Ne5 15.Be2 Nc4 16.Bxc4 Qxc4
17.h6 Qxd4 18.Bxd4 Rg8 19.hxg7 Bxg7 20.Bxg7 Rxg7 21.Rxd6 Rxg5 22.Rxh7 Ke7
23.Rd3 Rg1+ 24.Nd1 Rg2 25.Rd2 Rg3 26.Rf2 Rg1 27.Rhh2 b4 28.Rhg2 Rh1 29.Rd2 a5
30.b3 Rc3 31.Rgf2 Re3 32.Rde2 Rc3 33.Rd2 Re3 34.Rde2 Rc3  1/2-1/2

[Event "84th ch-ARG"]
[Site "La Plata ARG"]
[Date "2009.05.12"]
[Round "2"]
[White "Perez Ponsa,F"]
[Black "Lujan,C"]
[Result "1-0"]
[WhiteElo "2390"]
[BlackElo "2364"]

1.e4 c5 2.Nf3 Nc6 3.Nc3 e6 4.d4 cxd4 5.Nxd4 Nf6 6.Be2 Qc7 7.f4 d6 8.Be3 a6
9.O-O Be7 10.Kh1 O-O 11.Qe1 Nxd4 12.Bxd4 b5 13.Qg3 Bb7 14.a3 Ne8 15.Bd3 f6
16.Qh3 Qc8 17.Qh5 Nc7 18.Rae1 Qe8 19.Qh3 e5 20.Bb6 Bd8 21.f5 Bc6 22.Be2 Rb8
23.Bh5 Qd7 24.Ba5 Na8 25.Bxd8 Rfxd8 26.Na2 Nb6 27.Nb4 a5 28.Bg6 h6 29.Nd3 Qb7
30.Qh4 Nd7 31.Nf2 d5 32.Ng4 Kf8 33.Re3 d4 34.Re2 Ke7 35.Nf2 b4 36.axb4 axb4
37.Qg3 b3 38.Bh5 Rg8 39.Rfe1 Ba4 40.c3 dxc3 41.Qxc3 Qb4 42.Qg3 Bb5 43.Re3 Bc4
44.Rc3 Nb6 45.Rec1 Rbc8 46.Qg6 Rcf8 47.Nd3 Qd6 48.Qg3 Qd4 49.Nb4 Qxe4 50.Bf3 Qxf5
51.Qf2 Qe6 52.Nc6+ Kf7 53.Qxb6 e4 54.Qb7+ Kg6 55.Bxe4+ f5 56.Ne7+  1-0

[Event "ch-URU"]
[Site "Montevideo URU"]
[Date "2009.05.12"]
[Round "6"]
[White "Larrea,M"]
[Black "Bustelo,T"]
[Result "1-0"]
[WhiteElo "2276"]
[BlackElo "2065"]

1.e4 c5 2.Nf3 Nc6 3.Nc3 e6 4.d4 cxd4 5.Nxd4 Bc5 6.Nb3 Bb6 7.Be2 Nf6 8.Bf4 d5
9.exd5 Nxd5 10.Nxd5 exd5 11.O-O Be6 12.Qd2 a5 13.Bb5 O-O 14.Bxc6 bxc6 15.Be3 a4
16.Nc5 Bf5 17.b3 axb3 18.cxb3 Re8 19.Rfc1 Qe7 20.a4 Rad8 21.Qd4 Qd6 22.a5 Bc7
23.g3 Qg6 24.Bf4 Qg4 25.h3 Qxh3 26.Bxc7 Bg4 27.Rc3 Rc8 28.Re3 Rxe3 29.Qxe3 d4
30.Qe4 Qh5 31.Bd6 g5 32.Qh1 Qg6 33.Be7 Re8 34.a6 Rxe7 35.a7 Rxa7 36.Rxa7 d3
37.Ne4 Qe6 38.f3 d2 39.Kf2 Qxb3 40.Ra8+  1-0

[Event "Mitropa Cup"]
[Site "Rogaska Slatina SLO"]
[Date "2009.05.12"]
[Round "4"]
[White "Ragger,M"]
[Black "Cossin,S"]
[Result "1-0"]
[WhiteElo "2544"]
[BlackElo "2471"]

1.e4 c5 2.Nf3 e6 3.d4 cxd4 4.Nxd4 Nc6 5.Nc3 a6 6.Be3 Nf6 7.Qd2 Bb4 8.f3 d5
9.O-O-O Qa5 10.Nb3 Bxc3 11.Nxa5 Bxd2+ 12.Bxd2 dxe4 13.Nc4 O-O 14.Nb6 Rb8
15.Be3 Nd5 16.Nxd5 exd5 17.Bf4 Ra8 18.Rxd5 Re8 19.fxe4 Rxe4 20.Bg3 Be6 21.Rd2 h6
22.Be2 Rd4 23.Rhd1 Rad8 24.Bf3 Rxd2 25.Rxd2 Rxd2 26.Kxd2 g5 27.Kc3 f5 28.a4 Kf7
29.b4 g4 30.Be2 Bd5 31.Bf1 Ke6 32.b5 axb5 33.axb5 Ne5 34.Kd4 Ng6 35.c4 Be4
36.c5 Kd7 37.Bf2 Nf4 38.g3 Ne6+ 39.Ke5 Ng5 40.Kf6 Nf3 41.Bc4 Nxh2 42.Be6+ Kc7
43.Be3 Nf3 44.Bf4+ Kd8 45.c6 bxc6 46.b6 c5 47.Bxf5 Bb7 48.Kf7  1-0

[Event "Mitropa Cup w"]
[Site "Rogaska Slatina SLO"]
[Date "2009.05.12"]
[Round "4"]
[White "Ohme,M"]
[Black "Papp,P"]
[Result "1-0"]
[WhiteElo "2242"]
[BlackElo "2141"]

1.e4 c5 2.Nf3 e6 3.d4 cxd4 4.Nxd4 Nc6 5.Nc3 Qc7 6.Be3 a6 7.Nxc6 bxc6 8.Bd3 e5
9.O-O Nf6 10.Kh1 Be7 11.f4 d6 12.Ne2 d5 13.fxe5 Qxe5 14.Bf4 Qxb2 15.Ng3 O-O
16.e5 Bg4 17.Qe1 Nh5 18.Bd2 Bh4 19.Qe3 Nxg3+ 20.hxg3 Be7 21.Rfb1 Qa3 22.Qf4 Bh5
23.Rb3 Qc5 24.Be3 d4 25.Bxd4 Qd5 26.Be4 Qd7 27.Rb6 Rad8 28.Be3 c5 29.Rb7 g5
30.Rxd7 gxf4 31.Rxd8 Rxd8 32.gxf4 c4 33.Kg1 Bg4 34.Kf2 f6 35.Rb1 h5 36.exf6 Bxf6
37.Rb6 Bc3 38.Rxa6 Rd1 39.Bf3 Bxf3 40.Kxf3 Rf1+ 41.Ke4 Re1 42.Kf3 Rf1+ 43.Ke2 Re1+
44.Kf2 Rb1 45.Ra3 Bb4 46.Ra8+ Kf7 47.Kf3 Rb2 48.Rb8 c3 49.Bd4 Ke6 50.Ke4 Ba3
51.Rb6+ Kd7 52.Rb3 Rxa2 53.Rxc3 Bd6 54.Rc4 Ra8 55.Be5 Bxe5 56.fxe5 Rg8 57.Rd4+ Ke6
58.Rd6+ Ke7 59.Rd2 Ke6 60.Re2 Rg4+ 61.Kd3 Rg3+ 62.Kc4 Rg8 63.c3 Rc8+ 64.Kd4 Rd8+
65.Ke4 Rc8 66.Re3 Rc4+ 67.Kd3 Rg4 68.g3 Rg8 69.c4 Rd8+ 70.Ke4 Rc8 71.Rc3 Rg8
72.c5 Rg4+ 73.Kf3 Kxe5 74.c6 Rg8 75.c7 Rc8 76.Kg2 h4 77.gxh4 Kf4 78.Rc4+ Kf5
79.Kf3 Ke5 80.h5 Kf5 81.Rc5+  1-0

[Event "Young Stars of the World"]
[Site "Kirishi RUS"]
[Date "2009.05.14"]
[Round "6"]
[White "Ganichev,Alex"]
[Black "Dubov,Danii"]
[Result "0-1"]
[WhiteElo "2154"]
[BlackElo "2372"]

1.e4 c5 2.Nf3 e6 3.d4 cxd4 4.Nxd4 Nc6 5.Nc3 Qc7 6.f4 a6 7.Be3 b5 8.Nxc6 Qxc6
9.Be2 Bb7 10.Bf3 Qc7 11.e5 Ne7 12.Bxb7 Qxb7 13.O-O b4 14.Ne2 Nd5 15.Bd4 Rc8
16.f5 Ne7 17.Ng3 Nc6 18.c3 Nxd4 19.cxd4 Qd5 20.Kh1 g6 21.Rc1 Rxc1 22.Qxc1 exf5
23.Qc8+ Ke7 24.Qxa6 Bg7 25.Qb6 Rc8 26.Ne2 Qc4 27.Qd6+ Ke8 28.Re1 Qxe2  0-1

[Event "ch-ESP Universities"]
[Site "La Pineda de Vila-Seca ESP"]
[Date "2009.05.14"]
[Round "8"]
[White "Garcia Brion,E"]
[Black "Vila Gazquez,X"]
[Result "0-1"]
[WhiteElo "2164"]
[BlackElo "2449"]

1.e4 c5 2.Nc3 Nc6 3.Nge2 e6 4.d4 cxd4 5.Nxd4 Qc7 6.g3 a6 7.Bg2 h5 8.h3 Bc5
9.Nxc6 dxc6 10.Qe2 e5 11.Be3 Qb6 12.Bxc5 Qxc5 13.O-O-O Bd7 14.Rd2 Nf6 15.Rhd1 O-O-O
16.Kb1 Be6 17.Na4 Qa5 18.b3 Rxd2 19.Qxd2 Qxd2 20.Rxd2 Nd7 21.f4 exf4 22.gxf4 f6
23.h4 Bg4 24.Nb2 Nf8 25.Nd3 Ng6 26.f5 Nxh4 27.Nf4 Nxg2 28.Rxg2 Kc7 29.Rd2 h4
30.Ne6+ Kc8 31.Nxg7 h3 32.Rh2 Bf3 33.e5 fxe5 34.f6 Bg4 35.f7 Kd8  0-1

[Event "84th ch-ARG"]
[Site "La Plata ARG"]
[Date "2009.05.14"]
[Round "4"]
[White "Orsini,A"]
[Black "Felgaer,R"]
[Result "0-1"]
[WhiteElo "2352"]
[BlackElo "2561"]

1.e4 c5 2.Nf3 e6 3.Nc3 Nc6 4.d4 cxd4 5.Nxd4 a6 6.Nxc6 bxc6 7.Bd3 d5 8.O-O Qc7
9.Qe2 Bb7 10.Re1 Nf6 11.Bg5 Be7 12.Bh4 Nxe4 13.Bxe7 Nxc3 14.Qg4 Kxe7 15.bxc3 Kf8
16.f4 c5 17.c4 g6 18.cxd5 Bxd5 19.c4 Bb7 20.Qg5 Kg7 21.f5 exf5 22.Bxf5 Rhe8
23.Bh3 Qd6 24.Kh1 h6 25.Qc1 Qd4 26.Rd1 Qe5 27.Rb1 Be4 28.Rb3 Rad8 29.Bg4 Rxd1+  0-1

[Event "8th Asian Continental Women"]
[Site "Subic Bay PHI"]
[Date "2009.05.14"]
[Round "2"]
[White "Pourkashiyan,A"]
[Black "Swathi,G"]
[Result "0-1"]
[WhiteElo "2273"]
[BlackElo "2330"]

1.e4 c5 2.Nf3 e6 3.d4 cxd4 4.Nxd4 Nc6 5.Nc3 d6 6.g3 a6 7.Bg2 Qc7 8.O-O Nf6
9.Re1 Bd7 10.a4 Be7 11.Nb3 b6 12.f4 Rb8 13.e5 Ng8 14.Qe2 Nb4 15.Nd4 dxe5
16.fxe5 Bc5 17.Be3 Qxe5 18.Qd2 Nf6 19.Bf2 Qc7 20.Ne4 Nxe4 21.Rxe4 O-O 22.Qg5 h6
23.Qh5 Nxc2 24.Rc1 Nxd4 25.Rxd4 Qa7 26.Rf4 Bxf2+ 27.Rxf2 b5 28.Rf1 bxa4 29.Qe5 Rb5
30.Qc3 Rc8 31.Qd2 Rf5 32.Be4 Rxf2 33.Rxf2 Qc7 34.Qd4 Bb5 35.Rc2 Qb8 36.Qd6 Rd8
37.Qc5 f5 38.Bf3 Qd6 39.Qa7 Qd3 40.Rf2 Qb1+ 41.Kg2 Rd2 42.Kh3 Bf1+ 43.Kh4 Rxf2
44.Qxf2 Qc1  0-1

[Event "TCh-ISR 2008-9"]
[Site "Israel ISR"]
[Date "2009.05.15"]
[Round "9"]
[White "Smirin,I"]
[Black "Soffer,R"]
[Result "1-0"]
[WhiteElo "2649"]
[BlackElo "2475"]

1.e4 c5 2.Nf3 e6 3.d4 cxd4 4.Nxd4 Nc6 5.Nc3 Qc7 6.f4 a6 7.Be3 b5 8.Bd3 Bb7
9.Qd2 b4 10.Na4 Nf6 11.Nb3 d5 12.e5 Nd7 13.O-O d4 14.Nxd4 Nxd4 15.Bxd4 Bc6
16.b3 Bxa4 17.bxa4 Bc5 18.Bxc5 Qxc5+ 19.Kh1 Nb6 20.f5 exf5 21.Rxf5 g6 22.Rf4 O-O
23.Rxb4 Nd7 24.e6 fxe6 25.Rc4 Qd5 26.Qe3 Rac8 27.Re4 Rc6 28.h3 Nf6 29.Re5 Qd6
30.Re1 Nd5 31.Qe4 Rf4 32.Qe2 Kf7 33.c4 Nf6 34.c5 Qd4 35.Rxe6 Rxe6 36.Qxe6+ Kg7
37.Qe7+ Kh6 38.Bxa6 Re4 39.Rxe4 Nxe4 40.c6 Nf2+ 41.Kh2 Qf4+ 42.g3 Qf3 43.Qe1 Qxc6
44.Be2 Qc5 45.Bf3 Kg7 46.Qe2 Qd4 47.a5 Nd3 48.Qd2 Kf7 49.Bg2 Qc4 50.Bf1  1-0

[Event "8th Asian Continental Open"]
[Site "Subic Bay PHI"]
[Date "2009.05.15"]
[Round "3"]
[White "Al Modiahki,M"]
[Black "Ashwin,J"]
[Result "1/2-1/2"]
[WhiteElo "2585"]
[BlackElo "2413"]

1.e4 c5 2.Nf3 Nc6 3.Nc3 e6 4.d4 cxd4 5.Nxd4 Qc7 6.Be3 a6 7.Qd2 Nf6 8.O-O-O Bb4
9.f3 O-O 10.g4 b5 11.g5 Nh5 12.Kb1 Rb8 13.Nxc6 dxc6 14.e5 Bb7 15.a3 Rfd8
16.Bd3 Be7 17.Qf2 c5 18.Rhe1 Ba8 19.f4 b4 20.axb4 cxb4 21.Na4 b3 22.Bb6 bxc2+
23.Bxc2 Rxd1+ 24.Rxd1 Qc4 25.Rd4 Qb5 26.Bd3 Qb3 27.Qc2 Rxb6 28.Nxb6 Qxb6
29.Qc8+ Bf8 30.Rd8 Qg1+ 31.Ka2 Bd5+ 32.b3 Bxb3+ 33.Kxb3 Qb6+ 34.Kc2 Qf2+
35.Kb1 Qb6+ 36.Kc1 Qe3+ 37.Kd1 Qg1+ 38.Kc2 Qf2+ 39.Kc3 Qe1+ 40.Kb2 Qb4+ 41.Kc2 Qa4+
42.Kb2 Qb4+ 43.Kc2 Qa4+ 44.Kb2  1/2-1/2

[Event "27th Liechtenstein Open"]
[Site "Triesen LIE"]
[Date "2009.05.15"]
[Round "1"]
[White "Hommeles,T"]
[Black "Bergen,K"]
[Result "1-0"]
[WhiteElo "2415"]
[BlackElo "1993"]

1.e4 c5 2.Nf3 e6 3.d4 cxd4 4.Nxd4 Nc6 5.Nc3 a6 6.Be2 Qc7 7.O-O Nf6 8.Kh1 Nxd4
9.Qxd4 Bc5 10.Qd3 O-O 11.f4 d6 12.Qh3 Bd4 13.Bd3 g6 14.Ne2 Ba7 15.Qh4 Ne8
16.f5 f6 17.Bh6 Ng7 18.fxg6 hxg6 19.Rxf6 Rxf6 20.Qxf6 Qf7 21.Qd8+ Kh7 22.Bxg7 Kxg7
23.Qxd6 Bd7 24.Ng3 Rf8 25.Rf1 Bf2 26.Nf5+ exf5 27.Rxf2 f4 28.Qd4+ Kh6 29.Bc4 Qe7
30.Bd5 b5 31.e5 g5 32.e6 Bxe6 33.Re2 Rd8 34.Qe5 Rxd5 35.Qxd5 Bxd5 36.Rxe7 Bxa2
37.Ra7 Bb1 38.Rxa6+ Kh5 39.Rc6 b4 40.Kg1 b3 41.cxb3  1-0

[Event "Young Stars of the World"]
[Site "Kirishi RUS"]
[Date "2009.05.16"]
[Round "7"]
[White "Narayanan,Sr"]
[Black "Bukavshin,I"]
[Result "1-0"]
[WhiteElo "2381"]
[BlackElo "2365"]

1.e4 c5 2.Nf3 e6 3.d4 cxd4 4.Nxd4 Nc6 5.Nc3 Qc7 6.Be2 a6 7.O-O Nf6 8.Be3 Be7
9.f4 d6 10.Kh1 O-O 11.Qe1 Nxd4 12.Bxd4 b5 13.a3 Bb7 14.Qg3 Rad8 15.Rae1 Rd7
16.Bd3 Qd8 17.Qh3 g6 18.Rf3 Re8 19.Ref1 d5 20.f5 dxe4 21.fxg6 Rxd4 22.Rxf6 fxg6
23.Rf7 Bh4 24.Be2 Ba8 25.g3 e3+ 26.Kg1 Qd6 27.gxh4 Qc6 28.R7f3 Rd2 29.h5 g5
30.h6 e5 31.Qf5 Qg6 32.Qf8+  1-0

[Event "XXVIII Open"]
[Site "Zalakaros HUN"]
[Date "2009.05.16"]
[Round "9"]
[White "Meszaros,T"]
[Black "Szabo,Krisz1"]
[Result "1/2-1/2"]
[WhiteElo "2434"]
[BlackElo "2518"]

1.e4 c5 2.Nf3 e6 3.d4 cxd4 4.Nxd4 Nc6 5.Nc3 Qc7 6.Be3 a6 7.Qd2 Nf6 8.O-O-O Be7
9.f3 O-O 10.g4 b5 11.g5 Ne8 12.f4 Bb7 13.Nb3 d5 14.exd5 Nb4 15.Bg2 Nd6 16.Bc5 Nc4
17.d6 Bxd6 18.Bxd6 Nxd6 19.Qxd6 Qxd6 20.Rxd6 Bxg2 21.Rg1 Bf3 22.Rg3 Bh1 23.Rd1 Bb7
24.Na5 Rab8 25.Rd6 Ba8 26.a3 Nd5 27.Nxd5 Bxd5 28.Rxa6 b4 29.Nc6 Bxc6 30.Rxc6 bxa3
31.Rxa3 f6 32.b3 fxg5 33.fxg5 e5 34.Ra7 Rf7 35.Rcc7 Rxc7 36.Rxc7 Rb4 37.Kd2 Rh4
38.c4 Rxh2+ 39.Kd3 Rh3+ 40.Ke4 Rxb3 41.c5 Rc3 42.Kxe5 Kf8 43.Kd6 Rd3+ 44.Kc6 Rg3
45.Kb6 Rxg5 46.c6 Rg1 47.Rd7 Ke8 48.Rb7 Rb1+ 49.Ka7 Rc1 50.c7 Kd7 51.Kb8 Ke6
52.c8=Q+ Rxc8+ 53.Kxc8 g5 54.Rb5 g4 55.Kc7 g3 56.Rg5 Kf6 57.Rxg3 h5 58.Kd6 Kf5
59.Rg8 h4 60.Rf8+ Kg4  1/2-1/2

[Event "Limpedea Cup"]
[Site "Baia Sprie ROM"]
[Date "2009.05.18"]
[Round "8"]
[White "Bonte,An"]
[Black "Manea,Al"]
[Result "0-1"]
[WhiteElo "2323"]
[BlackElo "2404"]

1.e4 c5 2.Nf3 e6 3.d4 cxd4 4.Nxd4 Nc6 5.Nc3 Qc7 6.Be3 Nf6 7.Qd2 a6 8.O-O-O b5
9.f3 Bb7 10.Kb1 Ne5 11.Qe1 Rc8 12.Bd3 b4 13.Na4 Be7 14.Qg3 O-O 15.Nb6 Nh5
16.Qh3 Qxb6 17.Nf5 Bc5 18.Ne7+ Kh8 19.Nxc8 Rxc8 20.Qxh5 Nxd3 21.Rxd3 Bxe3
22.Qxf7 Bc6 23.Rhd1 Qc5 24.c3 Bg5 25.cxb4 Qxb4 26.a3 Qb5 27.Rc3 Bf6 28.Rc2 Rb8  0-1

[Event "8th Asian Continental Women"]
[Site "Subic Bay PHI"]
[Date "2009.05.19"]
[Round "7"]
[White "Munguntuul,B"]
[Black "Swathi,G"]
[Result "1/2-1/2"]
[WhiteElo "2440"]
[BlackElo "2330"]

1.e4 c5 2.Nf3 e6 3.d4 cxd4 4.Nxd4 Nc6 5.Nc3 d6 6.Be3 Nf6 7.f4 Be7 8.Qf3 a6
9.O-O-O Qc7 10.Be2 Bd7 11.g4 h6 12.h4 Nxd4 13.Bxd4 e5 14.fxe5 dxe5 15.Qg3 Bd6
16.Bf2 Bc6 17.Bf3 O-O-O 18.g5 hxg5 19.hxg5 Rxh1 20.Rxh1 Ne8 21.Bg4+ Kb8 22.Qe3 b5
23.Rh8 Be7 24.Nd5 Bxd5 25.exd5 Nd6 26.Rxd8+ Bxd8 27.Qxe5 Nc4 28.Qd4 Bxg5+
29.Kb1 Bf6 30.d6 Nxd6 31.Qd5 Nc4 32.Bf3 Kc8 33.Bg4+ Kb8 34.Bf3 Kc8 35.a4 Bxb2
36.axb5 Be5 37.Qa8+ Kd7 38.Bc6+ Ke6 39.Qxa6 Kf5 40.Qa4 Nd2+ 41.Kc1 Bf4 42.Kd1 Qd6
43.Qd4 Ke6 44.Qxd6+ Kxd6 45.Ba7 Kc7 46.Bd5 Nb1 47.b6+ Kd7 48.Bxf7 Nc3+ 49.Ke1 Be3
50.Bb8 Bxb6 51.Be5 Nb5 52.Bxg7 Bd4 53.Bf8 Nd6 54.Bh5 Kc7 55.Bxd6+  1/2-1/2

[Event "84th ch-ARG"]
[Site "La Plata ARG"]
[Date "2009.05.20"]
[Round "9"]
[White "Felgaer,R"]
[Black "Alonso,S"]
[Result "1/2-1/2"]
[WhiteElo "2561"]
[BlackElo "2441"]

1.e4 c5 2.Nf3 e6 3.d4 cxd4 4.Nxd4 Nc6 5.Nc3 d6 6.Be2 Nf6 7.O-O Be7 8.Be3 O-O
9.Kh1 e5 10.Nb3 Be6 11.Bf3 a5 12.Nd5 Bxd5 13.exd5 Nb8 14.Qd3 Nfd7 15.Qb5 Qc7
16.g4 b6 17.Nd2 Rc8 18.a4 Na6 19.c3 Qd8 20.Nc4 Nc7 21.Qb3 Rcb8 22.Qc2 b5
23.axb5 Rxb5 24.Rfd1 Qb8 25.Qf5 Nf6 26.Nxe5 dxe5 27.c4 Rxb2 28.d6 Bxd6 29.Rxd6 Nce8
30.Rdd1 e4 31.Bxe4 Nxe4 32.Qxe4 a4 33.Bf4 Qc8 34.Qd4 Rb4 35.Re1 Nf6 36.g5 Rxc4
37.Qd2 Ne4 38.Qe3 Nc5 39.Rec1 Ne6 40.Bg3 Rxc1+ 41.Rxc1 Qb7+ 42.Kg1 a3 43.Be5 a2
44.Ba1 Qd5 45.h4 Qf5 46.Kh2 Qg4 47.Qg3 Qxg3+ 48.Kxg3 h5 49.gxh6 gxh6 50.Rc2 h5
51.f3 Kh7 52.Kg2 Ra5 53.Kg3 Ra4 54.Rc8 Kg6 55.Rg8+ Kf5 56.Rh8 Nf4 57.Rf8 Ra7
58.Rc8 Ne6 59.Rh8 Nf4 60.Rc8 Ne6 61.Rh8 Nf4 62.Rc8 Ne6  1/2-1/2

[Event "VI Moncada Open"]
[Site "Santiago de Cuba CUB"]
[Date "2009.05.20"]
[Round "5"]
[White "Garcia Martinez,O"]
[Black "Vega Bizet,F"]
[Result "0-1"]
[WhiteElo "1883"]
[BlackElo "2277"]

1.e4 c5 2.Nf3 e6 3.Nc3 Nc6 4.d4 cxd4 5.Nxd4 Nf6 6.g3 a6 7.Nxc6 bxc6 8.e5 Nd5
9.Ne4 Qc7 10.f4 Qb6 11.c4 Ne3 12.Qd3 Bb4+ 13.Ke2 Nf5 14.Be3 Qxe3+ 15.Qxe3 Nxe3
16.Kxe3 Be7 17.Rd1 f6 18.exf6 gxf6 19.Nd6+ Bxd6 20.Rxd6 Rb8 21.b3 c5 22.Be2 Ke7
23.Rhd1 f5 24.g4 fxg4 25.Bxg4 Rg8 26.Bf3 Rg6 27.R6d2 Rb6 28.Be4 Rh6 29.Rg1 Kf7
30.Rdg2 Rh3+ 31.Kf2 Kf6 32.Rg8 Bb7 33.Rb8 Bxe4 34.Rxb6 Kf5 35.Rxa6 Rxh2+
36.Kg3 Rd2 37.Ra5 Rd3+ 38.Kh4 Kxf4 39.Rf1+ Bf3 40.Rxc5 Rd2 41.Kh3 Rxa2 42.Rc8 Ke3
43.Re1+ Kf2 44.Re5 Ra1 45.Kh4 h6  0-1

[Event "8th Asian Continental Open"]
[Site "Subic Bay PHI"]
[Date "2009.05.20"]
[Round "8"]
[White "Wang Li"]
[Black "Sadorra,J"]
[Result "1-0"]
[WhiteElo "2401"]
[BlackElo "2451"]

1.e4 c5 2.Nf3 e6 3.d4 cxd4 4.Nxd4 Nc6 5.Nc3 Qc7 6.f4 a6 7.Nxc6 Qxc6 8.Bd3 b5
9.Qe2 Bc5 10.Bd2 Bb7 11.a4 b4 12.Nd5 Qd6 13.Ne3 Qxf4 14.Nc4 Qc7 15.Qg4 d5
16.exd5 f5 17.Qe2 Bxd5 18.Ne3 Bxe3 19.Qxe3 Nh6 20.Bxb4 Ng4 21.Qe2 Qb6 22.Bc3 O-O
23.a5 Qc6 24.O-O Qd6 25.g3 Bb7 26.Rae1 Rae8 27.Rf4 Qd5 28.Rxg4 Qh1+ 29.Kf2 Qxh2+
30.Ke3 Qxe2+ 31.Bxe2 fxg4 32.Bxg4 Bd5 33.Be2 Ra8 34.Bd4 Rac8 35.Rc1 Bc4 36.Bxc4 Rxc4
37.b3 Rc6 38.c4 e5 39.Bb6 Rg6 40.c5 Rxg3+ 41.Ke4 Rxb3 42.c6 Rc8 43.c7 Kf7
44.Kd5 e4 45.Kc6 Ke6 46.Kb7 Kd7 47.Rc4 Rd3 48.Rxe4 Rg8 49.Rc4 Rc8 50.Kxa6 g5
51.Kb7 h5 52.Rc5 Rh8 53.Rxg5 Rc3 54.Rd5+ Ke6 55.Rd8 Rh7 56.a6 h4 57.a7  1-0

[Event "8th Asian Continental Open"]
[Site "Subic Bay PHI"]
[Date "2009.05.20"]
[Round "8"]
[White "Chua,Aa"]
[Black "Kim,Alex"]
[Result "0-1"]
[WhiteElo "2116"]
[BlackElo "2481"]

1.e4 c5 2.Nf3 e6 3.d4 cxd4 4.Nxd4 Nc6 5.Nc3 Qc7 6.Be2 Nf6 7.O-O Be7 8.Kh1 O-O
9.f4 d6 10.Be3 a6 11.a4 Re8 12.Bf3 Bf8 13.Nb3 Nd7 14.Qe1 b6 15.Qh4 Bb7 16.Rad1 Nc5
17.Nxc5 bxc5 18.f5 Ne5 19.Be2 exf5 20.Rxf5 Qb6 21.b3 Rad8 22.Nd5 Bxd5 23.Rxd5 Ng6
24.Qf2 Rxe4 25.Rxf7 Rde8 26.Bc4 Rxc4 27.bxc4 Qb1+ 28.Qf1 Qxf1+ 29.Rxf1 Rxe3
30.Rd3 Re4 31.Rc3 a5 32.g3 Be7 33.Rb3 Rxc4 34.Rb8+ Nf8 35.Rf4 Rxf4 36.gxf4 Bf6
37.Rb6 Ng6 38.f5 Ne7 39.Rxd6 Bd4 40.Ra6 Bc3 41.Kg2 Bb4 42.f6 gxf6 43.Rxf6 Nd5
44.Rf2 Nc3 45.h4 Nxa4 46.h5 Kg7 47.Kf3 Nc3 48.Kg4 Ne4 49.Re2 Nf6+ 50.Kg5 Kf7
51.h6 a4 52.Kf5 a3 53.Rg2 Ne8 54.Ke5 a2  0-1

[Event "8th Asian Continental Open"]
[Site "Subic Bay PHI"]
[Date "2009.05.20"]
[Round "8"]
[White "Bitoon,R"]
[Black "Rahman,Zia"]
[Result "0-1"]
[WhiteElo "2479"]
[BlackElo "2523"]

1.e4 c5 2.Nf3 e6 3.d4 cxd4 4.Nxd4 Nc6 5.Nc3 Qc7 6.Be3 a6 7.Qd2 Nf6 8.f3 b5
9.g4 h6 10.O-O-O Ne5 11.Kb1 Rb8 12.Bf4 Be7 13.h4 d6 14.Qg2 g6 15.Bc1 Nc4
16.Bxc4 Qxc4 17.Rd3 b4 18.Nd1 Qc7 19.Ne3 Bb7 20.b3 Rc8 21.Bb2 e5 22.Ne2 a5
23.Rhd1 Ba6 24.c4 bxc3 25.Rxc3 Qb8 26.Rxc8+ Qxc8 27.Nc3 Nd7 28.Qh2 Nc5 29.Ncd5 Qb8
30.Qc2 Bxh4 31.Bxe5 O-O 32.Bf6 Bg3 33.Bb2 f6 34.Nxf6+ Kf7 35.e5 Rc8 36.Nc4 Bxe5
37.Bxe5 dxe5 38.Nd7 Nxd7 39.Rxd7+ Kf6 40.g5+ hxg5 41.Ka1 Bxc4 42.bxc4 Qb4
43.Qd3 Qe1+  0-1

[Event "TCh-ISR 2008-9"]
[Site "Israel ISR"]
[Date "2009.05.22"]
[Round "11"]
[White "Smirin,I"]
[Black "Botvinnik,M ISR"]
[Result "1-0"]
[WhiteElo "2649"]
[BlackElo "2331"]

1.e4 c5 2.Nf3 e6 3.d4 cxd4 4.Nxd4 Nc6 5.Nc3 Qc7 6.f4 a6 7.Be3 b5 8.Bd3 Bb7
9.Qd2 Nf6 10.e5 b4 11.exf6 bxc3 12.bxc3 gxf6 13.O-O Nxd4 14.cxd4 Rg8 15.Rf2 h5
16.c4 h4 17.d5 Bc5 18.Rb1 Rb8 19.Be4 Bxe3 20.Qxe3 Ba8 21.Rc1 Kf8 22.f5 Qe5
23.Qh6+ Ke7 24.Bf3 Rb2 25.Qxh4 Qe3 26.Rd1 Rxf2 27.Qxf2 Qxf2+ 28.Kxf2 exd5
29.cxd5 Kd6 30.h4 Rh8 31.h5 Ke5 32.g4 Kf4 33.Rd4+ Ke5 34.Ra4 Bb7 35.Re4+ Kd6
36.Rb4 Bc8 37.Rb6+ Ke5 38.d6 Kf4 39.Rb8 Re8 40.Bb7 Kxg4 41.Rxc8 Re5 42.h6 Rxf5+
43.Kg2 Rg5 44.h7  1-0

[Event "8th Asian Continental Open"]
[Site "Subic Bay PHI"]
[Date "2009.05.22"]
[Round "10"]
[White "Chua,Aa"]
[Black "Nguyen Hoang Nam1"]
[Result "0-1"]
[WhiteElo "2116"]
[BlackElo "2281"]

1.e4 c5 2.Nf3 e6 3.d4 cxd4 4.Nxd4 Nc6 5.Nc3 Nf6 6.Be2 a6 7.a4 d6 8.O-O Be7
9.Be3 O-O 10.Kh1 Qc7 11.f4 Re8 12.Bf3 Bd7 13.Nb3 b6 14.Qd2 Rab8 15.g4 Bc8
16.g5 Nd7 17.Bg2 Bb7 18.Rad1 Bf8 19.h4 Na5 20.Nxa5 bxa5 21.h5 Ba8 22.Rb1 Rb4
23.Bd4 Rc8 24.Qf2 Nc5 25.b3 Qe7 26.Rbe1 e5 27.Bxc5 Rxc5 28.Nd5 Bxd5 29.exd5 Rxf4
30.Qxf4 exf4 31.Rxe7 Bxe7 32.Rxf4 Rxc2 33.Rc4 Rxc4 34.bxc4 Bxg5 35.Bh3 Kf8
36.Kg2 g6 37.Bg4 f5 38.Bh3 Ke7 39.Kf3 Kf6 40.hxg6 hxg6 41.Ke2 Bc1 42.Kd3 Ba3
43.Bf1 g5 44.Ke3 g4 45.Kf4 Bc1+ 46.Kg3 Kg5 47.c5 dxc5 48.Bxa6 Bf4+ 49.Kg2 Bd6
50.Bb5 Bf4 51.Bd7 c4  0-1

[Event "18th CRO-Cup"]
[Site "Sibenik CRO"]
[Date "2009.05.23"]
[Round "4"]
[White "Bjelicic,J"]
[Black "Sikanjic,B"]
[Result "1-0"]
[WhiteElo "2031"]
[BlackElo "2173"]

1.e4 c5 2.Nf3 e6 3.d4 cxd4 4.Nxd4 Nc6 5.Nc3 Qc7 6.Be3 a6 7.Bd3 Nf6 8.O-O Nxd4
9.Bxd4 Bc5 10.Bxc5 Qxc5 11.Kh1 O-O 12.f4 d6 13.Qf3 e5 14.f5 b5 15.g4 Bb7
16.g5 Ne8 17.f6 g6 18.Rad1 Nc7 19.Be2 Rfd8 20.Nd5 Nxd5 21.exd5 Qxc2 22.Bd3 Qc5
23.Be4 Rac8 24.Qh3 h5 25.gxh6 Kh7 26.Qf3 Qb4 27.h4 Rc4 28.Rfe1 Rd4 29.h5 Rxd1
30.Rxd1 Rf8 31.Rg1 Qd2 32.hxg6+ fxg6 33.Rxg6 Kh8 34.f7 Qe1+ 35.Kg2 Qd2+ 36.Kh1 Qe1+
37.Kg2 Qd2+ 38.Qf2 Qxf2+ 39.Kxf2 Rxf7+ 40.Ke3 Rd7 41.Bf5 Rf7 42.Be6 Rc7 43.Rg8+ Kh7
44.Rd8 Kxh6 45.Rxd6 Kg5 46.Ke4 Rc2 47.Kxe5 Re2+ 48.Kd4 Rxb2 49.Rb6 Rd2+ 50.Ke5  1-0

[Event "27th Liechtenstein Open"]
[Site "Triesen LIE"]
[Date "2009.05.23"]
[Round "9"]
[White "Dgebuadze,A"]
[Black "Hera,I"]
[Result "1/2-1/2"]
[WhiteElo "2538"]
[BlackElo "2533"]

1.e4 c5 2.Nf3 e6 3.d4 cxd4 4.Nxd4 Nc6 5.Nc3 Qc7 6.Be3 Nf6 7.Bd3 Nxd4 8.Bxd4 Bc5
9.Nb5 Qb6 10.Bxc5 Qxc5 11.Qf3 O-O  1/2-1/2

[Event "18th CRO-Cup"]
[Site "Sibenik CRO"]
[Date "2009.05.24"]
[Round "5"]
[White "Zamostni,J"]
[Black "Ramesa,D"]
[Result "0-1"]
[WhiteElo "2224"]
[BlackElo "2332"]

1.e4 c5 2.Nf3 e6 3.d4 cxd4 4.Nxd4 Nc6 5.Nc3 Qc7 6.Be2 a6 7.O-O Nf6 8.Bg5 Nxd4
9.Qxd4 Bd6 10.h3 Be5 11.Qe3 h6 12.Bh4 Bf4 13.Bg3 Bxg3 14.fxg3 d6 15.Kh1 Bd7
16.Rad1 Bc6 17.a4 Rd8 18.b4 a5 19.b5 Bd7 20.e5 dxe5 21.b6 Qb8 22.Rxf6 gxf6
23.Ne4 Bc6 24.Nxf6+ Ke7 25.Qc5+ Kxf6 26.Rf1+ Kg7 27.Qe7 Rhf8  0-1